000 00410nam a2200157Ia 4500
008 240729s9999 xx 000 0 und d
022 _a1757-2215
245 0 _aJournal of Ovarian Research
260 _aUnited Kingdom
260 _bBMC
650 _a Gynecology and obstetrics
650 _aMedicine
856 _uhttps://doaj.org/toc/b68d862ae1914051833a4a33dfe6414c
942 _2ddc
942 _cDOAJEJ
999 _c74340
_d74340
945 _a1
_bMadushi Gamage
_c1
_dMadushi Gamage